AP Brainrot MCQ #1 - Statistics

General Stats
  • This quiz has been taken 40 times
  • The average score is 8 of 15
Answer Stats
Question Answer % Correct
The request “Adrian, explain our friend group.” led to which of the following responses? “We are Ohio.”
88%
Which of the following memes were originated in 2025? 6 7
78%
Which of the following does NOT involve AI? Jay Guapo
75%
Which of these events catalyzed 6 7 to go from a standard edit meme to being the most massive meme of 2025? The “6 7 kid” (Maddox Trevillain)
72%
Which of the following words is NOT used to censor another word on social media? Palpatine
69%
The removal of the viral “41 song” on TikTok led Blizzi Boi to do which of the following? Both A and C
59%
Which of the following phrases will most likely cause someone to brace for impact? “Mango”
53%
Which of these historical brainrot figures are NOT part of the YeSquad Jynxzi
44%
Manny Gonzalez is a D1 clipfarmer. What did he do while reffing a baseball game? He hit the 6 7 emote
41%
What action did Dillon Latham need to do more of? The dance with the pants
41%
How many “tungs” TYPICALLY come before “sahur” when its name is written? 3
34%
It is widely accepted that 67 and 69 are both extremely famous numbers on social media, but 68 also has a niche. Which of the following best explains 68’s niche? 68 = Gurt
34%
Which NBA Play got dunked on so hard it looked like he was taking ferocious dih during the Summer League? Noa Essengue
28%
Which of these historical brainrot figures called H00pify “Hooperville?” Clav
25%
Which of these memes were NEVER considered niche? Mustard Scream
16%
No matching quizzes found
Score Distribution
Percent of People with Each Score
Percentile by Number Answered
Your Score History
You have not taken this quiz